[Event "ICS rated blitz match"]
[Site "207.99.83.227"]
[Date "1999.04.16"]
[Round "?"]
[White "Hossa"]
[Black "supernerd"]
[Result "1-0"]
[WhiteElo "2526"]
[BlackElo "2200"]
[PlyCount "99"]

1. e4 c5 2. Bc4 e6 3. Nc3 Nc6 4. Nf3 Nge7 5. O-O d5 6. exd5 exd5 7. Bb5 g6 8.
Re1 Bg7 9. Bxc6+ bxc6 10. Na4 Qd6 11. d4 cxd4 12. Bg5 f6 13. Qxd4 O-O 14. Bf4
Qd8 15. Qc5 Rf7 16. Nd4 Bd7 17. Re3 Bf8 18. Bd6 Nc8 19. Bxf8 Qxf8 20. Qxf8+
Rxf8 21. Nc5 Be8 22. Nde6 Rf7 23. Nc7 Rxc7 24. Rxe8+ Kf7 25. Rae1 Nb6 26. R8e2
Nc4 27. c3 Nd6 28. f4 Rb8 29. Na6 Rbb7 30. Nxc7 Rxc7 31. b4 Nc4 32. Re8 Nd6 33.
Rd8 Ne4 34. Re3 f5 35. a4 Ke7 36. Rh8 Kd6 37. Rh3 c5 38. R3xh7 Rxh7 39. Rxh7
Nxc3 40. bxc5+ Kxc5 41. Rc7+ Kb4 42. Rxa7 Nxa4 43. Ra6 Nc3 44. Rxg6 Ne2+ 45.
Kf1 Nxf4 46. Rg5 d4 47. Rxf5 Ne6 48. Re5 Ng7 49. g4 Kc3 50. Re7 {
supernerd resigns} 1-0

[Event "ICS rated blitz match"]
[Site "207.99.83.227"]
[Date "1999.04.16"]
[Round "?"]
[White "supernerd"]
[Black "Hossa"]
[Result "0-1"]
[WhiteElo "2196"]
[BlackElo "2530"]
[PlyCount "72"]

1. d4 Nf6 2. e3 e6 3. f4 c5 4. c3 cxd4 5. exd4 Be7 6. Bd3 O-O 7. Nf3 b6 8. Qe2
Bb7 9. O-O Nc6 10. Nbd2 Rc8 11. Re1 Kh8 12. Nf1 Qe8 13. Kh1 Bd6 14. Bd2 Qe7 15.
Ng3 Rg8 16. Rf1 Rcf8 17. Rae1 Qe8 18. Kg1 Ne7 19. Ne5 Ned5 20. Bb1 Be7 21. Qd3
d6 22. Nf3 Qc8 23. b3 Qd7 24. Ng5 Qc6 25. Rf2 h6 26. Nh5 Qc8 27. c4 g6 28. Nxf6
Nxf6 29. Nf3 Ng4 30. Rfe2 Qc7 31. h3 Nf6 32. d5 Nh5 33. dxe6 fxe6 34. Rxe6 Bf6
35. g4 Qc5+ 36. Kh2 36... Qf2+ {supernerd resigns} 0-1

[Event "ICS rated blitz match"]
[Site "207.99.83.227"]
[Date "1999.04.16"]
[Round "?"]
[White "Hossa"]
[Black "supernerd"]
[Result "1-0"]
[WhiteElo "2534"]
[BlackElo "2192"]
[PlyCount "27"]

1. e4 e5 2. Nf3 d6 3. Be2 Nd7 4. O-O g6 5. Ne1 Bg7 6. f4 exf4 7. Rxf4 Bh6 8.
Rf2 Ngf6 9. Nc3 Ne5 10. d4 Bxc1 11. Qxc1 Neg4 12. Rf1 d5 13. Bxg4 Bxg4 14. Qf4
{supernerd resigns} 1-0

[Event "ICS rated blitz match"]
[Site "207.99.83.227"]
[Date "1999.04.16"]
[Round "?"]
[White "supernerd"]
[Black "Hossa"]
[Result "0-1"]
[WhiteElo "2188"]
[BlackElo "2538"]
[PlyCount "56"]

1. d4 Nf6 2. c3 d5 3. f4 Bg4 4. Qb3 b6 5. e3 e6 6. Bd3 c5 7. Bb5+ Nfd7 8. Nd2
a6 9. Bf1 Bd6 10. Ngf3 O-O 11. Qd1 cxd4 12. cxd4 Nc6 13. a3 b5 14. Bd3 Rc8 15.
O-O Qf6 16. Qe1 Qe7 17. Qg3 Bf5 18. Bxf5 exf5 19. Ne5 Rfe8 20. Ndf3 Na5 21.
Nxd7 Qxd7 22. Ne5 Qc7 23. Bd2 Nb3 24. Rad1 Qc2 25. Bc3 Bxa3 26. Nd3 Bxb2 27.
Bxb2 Nd2 28. Rfe1 28... Qxd3 {supernerd resigns} 0-1

[Event "ICS rated blitz match"]
[Site "207.99.83.227"]
[Date "1999.04.16"]
[Round "?"]
[White "Hossa"]
[Black "supernerd"]
[Result "1-0"]
[WhiteElo "2542"]
[BlackElo "2184"]
[PlyCount "75"]

1. e4 c5 2. Bc4 g6 3. Nf3 Bg7 4. O-O Nc6 5. d3 d6 6. Nc3 Nf6 7. Nd5 O-O 8.
Nxf6+ Bxf6 9. Bh6 Re8 10. c3 a6 11. Qb3 e6 12. Qa3 b5 13. Bxb5 Bb7 14. Bc4 Qc7
15. Bg5 Bg7 16. Bb3 h6 17. Be3 Nb8 18. Kh1 Nd7 19. Rg1 Nf6 20. Raf1 g5 21. Ba4
Re7 22. e5 Bxf3 23. exf6 Bxf6 24. gxf3 Kh8 25. f4 gxf4 26. Bxf4 Bg7 27. Rg2 Rb8
28. d4 e5 29. dxe5 Bxe5 30. Bxh6 Qb7 31. f3 Qd5 32. Bg5 Re6 33. Bd1 f6 34. Bc1
Re7 35. Rfg1 Rh7 36. f4 Rg8 37. Qb3 Rxg2 38. Rxg2 {supernerd resigns} 1-0

[Event "ICS rated blitz match"]
[Site "207.99.83.227"]
[Date "1999.04.16"]
[Round "?"]
[White "Hossa"]
[Black "Prof-Moriarty"]
[Result "1-0"]
[WhiteElo "2546"]
[BlackElo "2259"]
[PlyCount "57"]

1. e4 d6 2. d4 Nf6 3. Nc3 g6 4. Bc4 Bg7 5. Nf3 O-O 6. O-O c6 7. e5 Ne8 8. Bg5
d5 9. Be2 Nc7 10. Qd2 Ne6 11. Bh6 b6 12. Rae1 Ba6 13. Bxg7 Kxg7 14. Ng5 Bxe2
15. Rxe2 Nd7 16. Kh1 h6 17. Nxe6+ fxe6 18. Re3 Rf7 19. Rh3 h5 20. Qg5 Rf5 21.
Qg3 Qf8 22. Nd1 Kh7 23. Rh4 Qh6 24. Ne3 Rg5 25. Qh3 Nf8 26. g4 c5 27. c3 cxd4
28. cxd4 Rc8 29. f4 {Prof-Moriarty resigns} 1-0

[Event "ICS rated blitz match"]
[Site "207.99.83.227"]
[Date "1999.04.16"]
[Round "?"]
[White "Prof-Moriarty"]
[Black "Hossa"]
[Result "0-1"]
[WhiteElo "2254"]
[BlackElo "2551"]
[PlyCount "86"]

1. d4 Nf6 2. Nf3 e6 3. e3 Be7 4. Bd3 O-O 5. Nbd2 d5 6. O-O c5 7. b3 Nc6 8. Bb2
cxd4 9. exd4 Qc7 10. a3 Qf4 11. Qe2 Bd7 12. Rfe1 Rac8 13. g3 Qg4 14. Ne5 Nxe5
15. dxe5 Qxe2 16. Rxe2 Ng4 17. h3 Nh6 18. Bd4 b6 19. g4 Kh8 20. Kg2 Bc5 21. Nf3
Bxd4 22. Nxd4 Rc3 23. f4 Ng8 24. f5 Ne7 25. Rf1 exf5 26. gxf5 Rg8 27. e6 fxe6
28. fxe6 Be8 29. Rf4 g6 30. Ref2 h6 31. Rf8 a5 32. R2f6 Rc8 33. Nf3 Rxf8 34.
Rxf8+ Kg7 35. Rf4 g5 36. Rd4 Kf6 37. h4 Bh5 38. hxg5+ hxg5 39. c4 Rf8 40. cxd5
Bxf3+ 41. Kxf3 Ke5+ 42. Kg4 Kxd4 43. d6 43... Kxd3 {Prof-Moriarty resigns} 0-1

[Event "ICS rated blitz match"]
[Site "207.99.83.227"]
[Date "1999.04.16"]
[Round "?"]
[White "Hossa"]
[Black "cstaly"]
[Result "1-0"]
[WhiteElo "2556"]
[BlackElo "2382"]
[PlyCount "111"]

1. e4 e6 2. Nf3 c5 3. Bb5 Nc6 4. O-O Nge7 5. d3 a6 6. Ba4 b5 7. Bb3 Na5 8. Nc3
Ng6 9. Bg5 Qc7 10. Qd2 Nxb3 11. axb3 Bb7 12. Rfd1 d6 13. Qe3 Be7 14. Bxe7 Qxe7
15. d4 O-O 16. Kh1 b4 17. Ne2 a5 18. dxc5 dxc5 19. Nf4 Nxf4 20. Qxf4 f5 21. e5
Be4 22. Ne1 Kh8 23. Qe3 h6 24. f3 Bb7 25. Rd6 Rfc8 26. Nd3 Bd5 27. Nf4 Qf7 28.
Qd2 c4 29. Nxd5 exd5 30. Rxd5 cxb3 31. cxb3 Ra7 32. Rd8+ Rxd8 33. Qxd8+ Kh7 34.
Qd3 g6 35. Qc4 Kg7 36. Qxf7+ Kxf7 37. f4 Rc7 38. h4 Rc5 39. Ra2 Ke6 40. g3 Kd5
41. Ra1 g5 42. Rd1+ Kc6 43. e6 Kb6 44. e7 Rc8 45. Rd8 Rc1+ 46. Kg2 Re1 47. e8=Q
Rxe8 48. Rxe8 gxf4 49. gxf4 Kc5 50. Re5+ Kd4 51. Rxf5 Ke4 52. Rxa5 Kxf4 53. Rh5
Ke4 54. Rxh6 Kf5 55. Rb6 Ke4 56. Rb5 {cstaly resigns} 1-0

[Event "ICS rated blitz match"]
[Site "207.99.83.227"]
[Date "1999.04.16"]
[Round "?"]
[White "Prof-Moriarty"]
[Black "Hossa"]
[Result "0-1"]
[WhiteElo "2238"]
[BlackElo "2565"]
[PlyCount "37"]

1. d4 Nf6 2. Nf3 e6 3. e3 Be7 4. Bd3 O-O 5. Nbd2 d5 6. O-O c5 7. b3 Nc6 8. Bb2
cxd4 9. exd4 Qc7 10. a3 Qf4 11. g3 Qg4 12. Ne5 Qh3 13. f3 Nxe5 14. dxe5 Bc5+
15. Kh1 Nh5 16. Qe1 Bd7 17. f4 Bc6 18. Nf3 d4 19. Be4 {Prof-Moriarty resigns}
0-1

[Event "ICS rated blitz match"]
[Site "207.99.83.227"]
[Date "1999.04.16"]
[Round "?"]
[White "Hossa"]
[Black "Prof-Moriarty"]
[Result "1-0"]
[WhiteElo "2569"]
[BlackElo "2234"]
[PlyCount "42"]

1. e4 c5 2. Bc4 e6 3. Nc3 Nc6 4. Nf3 d6 5. d4 cxd4 6. Nxd4 Nf6 7. O-O Be7 8.
Bb5 Bd7 9. Nxc6 bxc6 10. Bc4 e5 11. f4 O-O 12. fxe5 dxe5 13. Qd3 Bc5+ 14. Kh1
Ng4 15. Qg3 Qe7 16. h3 h5 17. hxg4 hxg4 18. Nd1 g6 19. Bh6 Kh7 20. Qh2 g3 21.
Bxf8+ 21... gxh2 {Prof-Moriarty resigns} 1-0

[Event "ICS rated blitz match"]
[Site "207.99.83.227"]
[Date "1999.04.16"]
[Round "?"]
[White "Prof-Moriarty"]
[Black "Hossa"]
[Result "0-1"]
[WhiteElo "2230"]
[BlackElo "2573"]
[PlyCount "51"]

1. d4 Nf6 2. Nf3 e6 3. e4 Nxe4 4. Bd3 d5 5. O-O Be7 6. Nbd2 Nf6 7. Re1 O-O 8.
Ne5 Nbd7 9. Re3 c5 10. f4 cxd4 11. Rh3 Qc7 12. Ndf3 Bd6 13. Ng5 h6 14. Ngf3
Nxe5 15. fxe5 Bxe5 16. Bxh6 gxh6 17. Qe1 Bf4 18. Qh4 e5 19. Qxf6 Bxh3 20. gxh3
Qc6 21. Qh4 Be3+ 22. Kh1 e4 23. Ne5 Qc8 24. Ng4 Qd8 25. Nxh6+ Kh7 26. Qh5 {
Prof-Moriarty resigns} 0-1

[Event "ICS rated blitz match"]
[Site "207.99.83.227"]
[Date "1999.04.16"]
[Round "?"]
[White "supernerd"]
[Black "Hossa"]
[Result "0-1"]
[WhiteElo "2257"]
[BlackElo "2577"]
[PlyCount "122"]

1. e4 d6 2. d4 Nf6 3. Nc3 Nbd7 4. Nge2 e5 5. h3 Be7 6. Be3 O-O 7. g3 c5 8. d5
Ne8 9. Bg2 f5 10. exf5 Qb6 11. g4 Qxb2 12. Rb1 Qa3 13. O-O Bd8 14. Qd3 Bb6 15.
Rb3 Qa5 16. Rb5 Qa6 17. Rfb1 Nc7 18. R5b2 Qxd3 19. cxd3 Ba5 20. Be4 Nf6 21. Nb5
Nxb5 22. Rxb5 Bb6 23. Nc3 Bd7 24. R5b3 Rad8 25. Ra3 Rde8 26. Na4 Bxa4 27. Rxa4
Kh8 28. Ra3 Rf7 29. Rab3 Nd7 30. g5 Ref8 31. Kg2 Rd8 32. a4 Rb8 33. a5 Bxa5 34.
Rxb7 Bb6 35. Rxb8+ Nxb8 36. h4 Re7 37. h5 Nd7 38. Rh1 a5 39. h6 Bc7 40. hxg7+
Rxg7 41. Kf1 Rg8 42. f6 Nf8 43. Ke2 Bd8 44. Rb1 Ng6 45. Rb7 a4 46. Ra7 Bb6 47.
Rxa4 Rf8 48. Ra6 Bc7 49. Ra7 Bb8 50. Rb7 Re8 51. Bf5 Rf8 52. Be6 Nh4 53. Bd2
Rd8 54. Ba5 Rf8 55. Bc7 Bxc7 56. Rxc7 h6 57. gxh6 Rxf6 58. h7 Ng2 59. Bg4 Nf4+
60. Kd2 Nxd5 61. f3 61... Nxc7 {supernerd resigns} 0-1

[Event "ICS rated blitz match"]
[Site "207.99.83.227"]
[Date "1999.04.16"]
[Round "?"]
[White "Hossa"]
[Black "xroniko"]
[Result "0-1"]
[WhiteElo "2581"]
[BlackElo "2133"]
[Annotator "Crafty v16.6"]
[PlyCount "130"]

{annotating for player ossa  using a scoring margin of +0.10 pawns.  search
time limit is 10.00} 1. e4 1... c6 2. Nc3 d5 3. exd5 cxd5 4. Nf3 Nf6 5. Bb5+
Bd7 6. O-O Bxb5 7. Nxb5 a6 8. Nbd4 e6 9. d3 Be7 10. Bg5 O-O 11. Qe2 Nc6 12.
Nxc6 bxc6 13. Ne5 Qc7 14. Rae1 Rfe8 15. Kh1 Bd8 16. Bf4 Qb7 17. c3 Nd7 18. Nxd7
Qxd7 19. Qe5 Bf6 20. Qh5 g6 21. Qh3 Ra7 22. d4 Qc8 23. Re2 c5 24. dxc5 Qxc5 25.
Qe3 Qxe3 26. fxe3 Bg7 27. e4 dxe4 28. Rxe4 Rd8 29. g4 Rb7 30. Bc1 Bf8 31. h4
Rd3 32. g5 Rb5 33. Kg2 a5 34. c4 Rc5 35. Rf3 Rd1 36. Be3 Rc6 37. b3 Ra1 38. Rf2
Rd1 39. Ref4 Rd7 40. Rd4 Rxd4 41. Bxd4 h6 42. gxh6 Bxh6 43. Bc3 a4 44. Kh2 Bg7
45. Bxg7 Kxg7 46. Rd2 f5 47. Rd7+ Kf6 48. Rd8 e5 49. Rd3 e4 50. Re3 Ke5 51. Re2
f4 52. Kh3 f3 53. Rf2 Kf4 54. Rg2 fxg2 55. Kxg2 axb3 56. axb3 e3 57. h5 gxh5
58. Kf1 Kf3 59. Ke1 Rg6 60. Kd1 e2+ 61. Kd2 Rd6+ 62. Kc2 e1=Q 63. b4 Qxb4 64.
c5 Rd2+ 65. Kc1 Qb2# 0-1

[Event "ICS rated blitz match"]
[Site "207.99.83.227"]
[Date "1999.04.16"]
[Round "?"]
[White "sombra"]
[Black "Hossa"]
[Result "0-1"]
[WhiteElo "2323"]
[BlackElo "2551"]
[PlyCount "130"]

1. e4 c5 2. Nf3 Nc6 3. Bb5 a6 4. Bxc6 dxc6 5. d3 Qc7 6. O-O e5 7. Nbd2 Nf6 8.
Nc4 Nd7 9. a4 Be7 10. a5 O-O 11. Be3 Rb8 12. b3 Kh8 13. Ra4 Bd6 14. Qa1 Ra8 15.
Bc1 Qb8 16. Bb2 f6 17. Nh4 Rd8 18. Nf5 Bf8 19. Qd1 g6 20. Nfe3 Bg7 21. Ra1 Rf8
22. Qd2 Rd8 23. Nd1 Rf8 24. f4 Bh6 25. g3 exf4 26. gxf4 Qc7 27. Kh1 Rb8 28. Qf2
Re8 29. Qh4 Bg7 30. Nde3 Qd8 31. f5 g5 32. Qh5 Rf8 33. Ng4 Qe7 34. Rae1 Qf7 35.
Qxf7 Rxf7 36. Nd6 Rf8 37. e5 fxe5 38. f6 Nxf6 39. Nxf6 Bh3 40. Bxe5 Bxf1 41.
Rxf1 Rbd8 42. Nde4 Rd5 43. Bb2 h6 44. Kg2 Rdd8 45. Bc3 c4 46. bxc4 Rc8 47. Ng4
Bxc3 48. Nxc3 Rxf1 49. Kxf1 Rf8+ 50. Kg2 h5 51. Ne3 g4 52. Nf1 Rf5 53. Ng3 Rxa5
54. Nge4 Ra1 55. Ne2 a5 56. Nf4 Ra2 57. Nxh5 Rxc2+ 58. Kg3 a4 59. Kxg4 a3 60.
Nef6 a2 61. Nf4 a1=Q 62. h4 Qxf6 63. h5 Rf2 64. h6 Qxf4+ 65. Kh3 65... Rh2# {
sombra checkmated} 0-1

[Event "ICS rated blitz match"]
[Site "207.99.83.227"]
[Date "1999.04.16"]
[Round "?"]
[White "Hossa"]
[Black "psz"]
[Result "1/2-1/2"]
[WhiteElo "2558"]
[BlackElo "2361"]
[PlyCount "137"]

1. e4 c5 2. Bc4 e6 3. Nc3 a6 4. a4 Nf6 5. Nf3 d5 6. exd5 exd5 7. Be2 d4 8. Na2
Bd6 9. O-O O-O 10. d3 Nc6 11. Re1 b5 12. axb5 axb5 13. Bg5 h6 14. Bd2 Be6 15.
b3 Ra7 16. Qc1 Qc7 17. c4 b4 18. h3 Rfa8 19. Qb1 Ra6 20. Rc1 Qa7 21. Rc2 Kh7
22. Qc1 Kg8 23. Bxh6 gxh6 24. Qxh6 Nh7 25. Kh1 Qe7 26. Rd2 Qf6 27. Qh5 Qg6 28.
Nh4 Qxh5 29. Bxh5 R8a7 30. Bf3 Ne7 31. Bd1 Nf6 32. Re2 Nf5 33. Nf3 Bd7 34. Ne1
Kg7 35. Kg1 Ne7 36. Nf3 Ng6 37. Rb2 Ne5 38. Nxe5 Bxe5 39. Re2 Bd6 40. Rd2 Ra3
41. Rb2 Bf5 42. Bc2 Bg6 43. g3 Nd7 44. f4 f5 45. Bd1 Nf6 46. Kf1 Bh5 47. Bxh5
Nxh5 48. Kg2 Kf6 49. Kh2 Ng7 50. Kh1 Ne6 51. Re2 Nd8 52. Rb2 Nc6 53. Re2 Bc7
54. Rae1 Rxa2 55. Re6+ Kf7 56. Rxc6 Bd8 57. Rxc5 Rd2 58. Rxf5+ Bf6 59. g4 Raa2
60. g5 Rh2+ 61. Kg1 Rhg2+ 62. Kh1 Rh2+ 63. Kg1 Rag2+ 64. Kf1 Rf2+ 65. Kg1 Rhg2+
66. Kh1 Rh2+ 67. Kg1 Rhg2+ 68. Kh1 Rh2+ 69. Kg1 {Game drawn by repetition}
1/2-1/2

[Event "ICS rated blitz match"]
[Site "207.99.83.227"]
[Date "1999.04.16"]
[Round "?"]
[White "inmortal"]
[Black "Hossa"]
[Result "0-1"]
[WhiteElo "2375"]
[BlackElo "2550"]
[PlyCount "58"]

1. e4 c5 2. Nc3 Nc6 3. g3 Nf6 4. Bg2 e5 5. d3 Be7 6. Bg5 Nxe4 7. Nxe4 Bxg5 8.
Nd6+ Ke7 9. Ne4 Bh6 10. Ne2 d5 11. N4c3 d4 12. Nd5+ Kf8 13. O-O Be6 14. c4 dxc3
15. Nexc3 Kg8 16. f4 exf4 17. Nxf4 Qd4+ 18. Kh1 Bf5 19. Qh5 Bg6 20. Qd5 Bxf4
21. Rxf4 Qxd5 22. Bxd5 Nb4 23. Bxb7 Rb8 24. Be4 Bxe4+ 25. dxe4 Nd3 26. Rf5 Rxb2
27. Kg1 h6 28. Rd5 c4 29. Rd4 29... Ne5 {inmortal resigns} 0-1

[Event "ICS rated blitz match"]
[Site "207.99.83.227"]
[Date "1999.04.16"]
[Round "?"]
[White "Hossa"]
[Black "psz"]
[Result "0-1"]
[WhiteElo "2559"]
[BlackElo "2370"]
[Annotator "Crafty v16.6"]
[PlyCount "126"]

{annotating for player ossa  using a scoring margin of +0.10 pawns.  search
time limit is 10.00} 1. e4 1... c5 2. Bc4 e6 3. Nc3 a6 4. a4 ({9:+0.06} 4. a4
4... Nf6 5. e5 d5 6. exd6 Bxd6 7. Nf3 Nc6 8. O-O 8... O-O $10) ({9:+0.32} 4.
Nf3 4... Nc6 5. d4 b5 6. Be2 b4 7. Na4 cxd4 8. Nxd4 8... Nge7 $14) 4... Nf6 5.
e5 d5 6. exd6 ({9:-0.07} 6. exd6 6... Bxd6 7. Nf3 Nbd7 8. O-O Nb6 9. Bd3 c4 10.
Be4 10... O-O $10) ({9:+0.23} 6. exf6 6... dxc4 7. fxg7 Bxg7 8. Nf3 Bxc3 9.
bxc3 Qd5 10. O-O Nc6 11. d3 Bd7 12. dxc4 12... Qxc4 $10) 6... Bxd6 7. Nf3 Nc6
8. O-O b6 9. d3 Bb7 10. Bg5 Qc7 11. Bxf6 gxf6 12. Ne4 Be7 13. Re1 h5 14. Bd5
O-O-O 15. Bxc6 Bxc6 16. a5 b5 17. Kh1 f5 18. Neg5 Bf6 19. Ra2 h4 20. Kg1 h3 21.
Nxh3 Rdg8 22. Kh1 Rxh3 23. gxh3 Qb7 24. Re4 fxe4 25. dxe4 Bxe4 26. Ra3 Bd4 27.
Qe2 f5 28. b4 cxb4 29. Rd3 Bxd3 30. Qxe6+ Kc7 31. Qf7+ Kb8 32. Qxg8+ Ka7 33.
Kg1 Qxf3 34. Qh7+ Qb7 35. Qh4 Be4 36. Qg3 Bc6 37. Qg5 Qd7 38. Kf1 Qd5 39. Qe7+
Bb7 40. c3 bxc3 41. Qe1 c2 42. Ke2 Bxf2 43. Qxf2+ Ka8 44. Qg1 Qc4+ 45. Kd2
c1=Q+ 46. Qxc1 Qxc1+ 47. Kxc1 f4 48. Kd2 b4 49. h4 f3 50. h5 b3 51. h6 Be4 52.
Kc3 f2 53. Kxb3 f1=Q 54. Kc3 Qd3+ 55. Kb4 Kb7 56. Kc5 Qd5+ 57. Kb4 Kc6 58. h3
Qd4+ 59. Kb3 Kb5 60. Ka2 Kb4 61. h4 Qd2+ 62. Ka1 Qc2 63. h7 Qb1# 0-1

[Event "ICS rated blitz match"]
[Site "207.99.83.227"]
[Date "1999.04.16"]
[Round "?"]
[White "brutus"]
[Black "Hossa"]
[Result "0-1"]
[WhiteElo "2110"]
[BlackElo "2535"]
[PlyCount "86"]

1. e4 e5 2. Nf3 Nc6 3. Bb5 a6 4. Ba4 Nf6 5. Qe2 Be7 6. c3 b5 7. Bb3 O-O 8. d3
d6 9. Nbd2 Bg4 10. h3 Bxf3 11. Nxf3 a5 12. Bg5 a4 13. Bxf6 axb3 14. Bxe7 Qxe7
15. a3 Rfe8 16. O-O Qe6 17. Nd2 Rf8 18. f4 f6 19. f5 Qf7 20. g4 Kh8 21. Kh1 Rg8
22. Rf3 b4 23. cxb4 Nd4 24. Qf2 Nxf3 25. Qxf3 c5 26. bxc5 dxc5 27. Rc1 Ra5 28.
Nc4 Ra7 29. Qd1 Rb8 30. Rc3 Rd7 31. Rxb3 Rxb3 32. Qxb3 Rd8 33. a4 Qd7 34. a5
Qxd3 35. Qxd3 Rxd3 36. a6 Rd7 37. Na5 Ra7 38. Nb7 Rxa6 39. Nxc5 Rb6 40. Nd3 Rb3
41. Nc5 Rxb2 42. Nd3 Rd2 43. Nf2 43... Rxf2 {brutus resigns} 0-1

[Event "ICS rated blitz match"]
[Site "207.99.83.227"]
[Date "1999.04.16"]
[Round "?"]
[White "inmortal"]
[Black "Hossa"]
[Result "0-1"]
[WhiteElo "2346"]
[BlackElo "2538"]
[PlyCount "53"]

1. e4 c5 2. Nc3 Nc6 3. g3 Nf6 4. Bg2 e5 5. d3 Be7 6. f4 O-O 7. Nf3 exf4 8. gxf4
d5 9. e5 Ng4 10. O-O d4 11. Ne4 Kh8 12. Qe1 Nb4 13. Qe2 Nd5 14. c4 dxc3 15.
bxc3 f5 16. exf6 Ngxf6 17. Bd2 Nh5 18. Nfg5 Ndxf4 19. Bxf4 Nxf4 20. Rxf4 Rxf4
21. Qh5 Qg8 22. c4 g6 23. Qe2 Qd8 24. Qb2+ Kg8 25. h4 Qxd3 26. Nd6 Qe3+ 27. Kh2
{inmortal resigns} 0-1

[Event "ICS rated blitz match"]
[Site "207.99.83.227"]
[Date "1999.04.16"]
[Round "?"]
[White "Hossa"]
[Black "totoff"]
[Result "1/2-1/2"]
[WhiteElo "2546"]
[BlackElo "2285"]
[PlyCount "87"]

1. e4 e6 2. Nf3 c5 3. Bb5 a6 4. Ba4 b5 5. Bb3 c4 6. Bxc4 bxc4 7. Nc3 Bb7 8. Qe2
Qc7 9. d3 cxd3 10. Qxd3 Nc6 11. O-O Nf6 12. Bg5 Be7 13. Rad1 h6 14. Bh4 O-O 15.
Bxf6 Bxf6 16. Qxd7 Qxd7 17. Rxd7 Rab8 18. Re1 Bxc3 19. bxc3 Rfd8 20. Rd3 Kf8
21. Rb1 Na5 22. Rd4 Rbc8 23. Ra4 Rc5 24. Ne1 Rxc3 25. Rxa5 Bxe4 26. Rxa6 Bxc2
27. Rc1 Rd1 28. Rxd1 Bxd1 29. Ra7 Be2 30. f3 Rc1 31. Kf2 Bc4 32. a4 Ra1 33. g4
Ra2+ 34. Kg3 g6 35. a5 Kg7 36. h4 Kf6 37. f4 Ra3+ 38. Kf2 Kg7 39. Nf3 Ra2+ 40.
Kg3 Ra3 41. Kf2 Ra2+ 42. Kg3 Ra3 43. Kf2 Ra2+ 44. Kg3 {Game drawn by repetition
} 1/2-1/2

[Event "ICS rated blitz match"]
[Site "207.99.83.227"]
[Date "1999.04.16"]
[Round "?"]
[White "totoff"]
[Black "Hossa"]
[Result "0-1"]
[WhiteElo "2295"]
[BlackElo "2536"]
[PlyCount "94"]

1. e4 e5 2. Nf3 Nc6 3. Bb5 a6 4. Ba4 Nf6 5. Bxc6 dxc6 6. d3 Bg4 7. h3 Bxf3 8.
Qxf3 Nd7 9. Nd2 Bd6 10. Nc4 O-O 11. g4 b5 12. Ne3 Qe8 13. Nf5 Bb4+ 14. Kf1 Rd8
15. Kg2 Qe6 16. Be3 Bc5 17. Bd2 Bd4 18. Nxd4 exd4 19. Qf5 Ne5 20. f4 Nd7 21. a4
Qd6 22. Qh5 Rb8 23. b3 b4 24. Rac1 Nf6 25. Qh4 c5 26. Qg3 Rbe8 27. f5 Qxg3+ 28.
Kxg3 a5 29. Bf4 Rc8 30. Rcg1 Rfe8 31. h4 h5 32. gxh5 Nxh5+ 33. Kf3 Nxf4 34.
Kxf4 Kf8 35. Rg5 f6 36. Rg6 Re7 37. h5 Kf7 38. h6 Rg8 39. Rhg1 Kf8 40. hxg7+
Kf7 41. R1g2 Ree8 42. R2g4 Re7 43. Kg3 Re5 44. Kh4 c6 45. Kh5 Ree8 46. Kh6 Rh8+
47. gxh8=Q 47... Rxh8# {totoff checkmated} 0-1

[Event "ICS rated blitz match"]
[Site "207.99.83.227"]
[Date "1999.04.16"]
[Round "?"]
[White "Hossa"]
[Black "Prof-Moriarty"]
[Result "1-0"]
[WhiteElo "2542"]
[BlackElo "2284"]
[PlyCount "85"]

1. e4 d6 2. d4 Nf6 3. Bd3 g6 4. Ne2 Bg7 5. O-O O-O 6. Nbc3 Nbd7 7. f4 e5 8.
fxe5 dxe5 9. Bg5 h6 10. Bh4 c6 11. Bc4 Qb6 12. Na4 Qc7 13. Nc5 Nxc5 14. Bxf6
Nxe4 15. dxe5 Bxf6 16. exf6 Qb6+ 17. Nd4 Rd8 18. c3 c5 19. Qb3 Qxb3 20. Nxb3
Bf5 21. Rae1 Re8 22. Bb5 Re6 23. Bd3 Nxf6 24. Bxf5 Rxe1 25. Rxe1 gxf5 26. Nxc5
Rd8 27. Nxb7 Rb8 28. Re7 Kf8 29. Rc7 Nd5 30. Rd7 Nf6 31. Rd8+ Rxd8 32. Nxd8 Ke7
33. Nc6+ Kd6 34. Nxa7 Kc5 35. Nc8 Kc4 36. Nd6+ Kd3 37. c4 Kc2 38. b4 Kc3 39. b5
Kb4 40. b6 Nd7 41. b7 Kc5 42. Nxf7 Kxc4 43. Ne5+ {Prof-Moriarty resigns} 1-0

[Event "ICS rated blitz match"]
[Site "207.99.83.227"]
[Date "1999.04.16"]
[Round "?"]
[White "Prof-Moriarty"]
[Black "Hossa"]
[Result "0-1"]
[WhiteElo "2278"]
[BlackElo "2548"]
[PlyCount "39"]

1. d4 Nf6 2. Nf3 e6 3. e3 Be7 4. Bd3 O-O 5. O-O d5 6. b3 Nc6 7. Bb2 b6 8. Nbd2
Nb4 9. Be2 c5 10. a3 Nc6 11. Bd3 cxd4 12. exd4 Bb7 13. Ne5 Rc8 14. f4 Bd6 15.
Rf3 Ne4 16. Nxe4 dxe4 17. Bxe4 Nxe5 18. Bxb7 Nxf3+ 19. Qxf3 Rxc2 20. Be4 {
Prof-Moriarty resigns} 0-1

[Event "ICS Rated blitz match"]
[Site "207.99.83.227"]
[Date "1999.04.16"]
[Round "?"]
[White "Hossa"]
[Black "totoff"]
[Result "0-1"]
[WhiteElo "2554"]
[BlackElo "2289"]
[Annotator "Crafty v16.6"]
[PlyCount "123"]

{annotating for player ossa  using a scoring margin of +0.10 pawns.  search
time limit is 10.00} 1. e4 1... e6 2. Nf3 c5 3. Bb5 a6 4. Ba4 ({9:-2.31} 4. Ba4
4... b5 5. Bb3 c4 6. Bxc4 bxc4 7. O-O Nf6 8. Nc3 $19) ({9:+0.28} 4. Be2 4...
Nc6 5. Nc3 e5 6. Bc4 d6 7. d3 Nf6 8. Bg5 $10) 4... b5 5. Bb3 c4 6. Bxc4 bxc4 7.
Nc3 Bb7 8. Qe2 Qc7 9. d3 ({9:-2.64} 9. d3 9... cxd3 10. cxd3 Bd6 11. O-O Ne7
12. Bg5 O-O 13. Ne5 Bxe5 14. Bxe7 14... Bxh2+ $19) ({9:-2.40} 9. O-O 9... Bb4
10. a3 Ba5 11. Ng5 f6 12. Nf3 Ne7 13. d4 $19) 9... cxd3 10. Qxd3 ({9:-2.91} 10.
Qxd3 10... Bb4 11. O-O Nf6 12. Re1 Bxc3 13. bxc3 O-O 14. Bg5 14... Ng4 $19) ({
9:-2.64} 10. cxd3 10... Bb4 11. O-O Ne7 12. Bg5 O-O 13. Rac1 Nbc6 14. Qe3 $19)
10... Nc6 11. O-O Nf6 12. Bg5 Be7 13. Rad1 h6 14. Bh4 O-O 15. Bxf6 Bxf6 16.
Qxd7 Qxd7 17. Rxd7 Rab8 18. Nd1 Rfd8 19. Rxd8+ Rxd8 20. Ne3 Nd4 21. Nxd4 Bxd4
22. Rd1 Bb6 23. Rxd8+ Bxd8 24. f3 Bb6 25. Kf2 Kf8 26. c4 Ke7 27. b4 Bxe3+ 28.
Kxe3 e5 29. g4 Kd6 30. h4 Bc6 31. c5+ Kc7 32. g5 hxg5 33. hxg5 Bb5 34. Kd2 Kc6
35. a3 Bc4 36. Ke1 Kb5 37. Kd2 Bf1 38. Ke1 Bh3 39. Kd2 Ka4 40. Kd3 Kxa3 41. Kc4
Be6+ 42. Kc3 Ka4 43. c6 Kb5 44. c7 Kb6 45. Kd3 Kxc7 46. Ke3 Kb6 47. Kd3 Kb5 48.
Ke3 Kxb4 49. Kf2 a5 50. Ke3 a4 51. Kd2 a3 52. Kc2 a2 53. Kb2 Kc5 54. Ka1 Kd4
55. Kb2 Ke3 56. Ka1 Kxf3 57. Kb2 Kf4 58. g6 fxg6 59. Ka1 Kxe4 60. Kb2 g5 61.
Ka1 g4 62. Kb2 0-1

[Event "ICS rated blitz match"]
[Site "207.99.83.227"]
[Date "1999.04.16"]
[Round "?"]
[White "totoff"]
[Black "Hossa"]
[Result "1-0"]
[WhiteElo "2315"]
[BlackElo "2528"]
[Annotator "Crafty v16.6"]
[PlyCount "57"]

{annotating for player ossa  using a scoring margin of +0.10 pawns.  search
time limit is 10.00} 1. e4 1... e5 2. Nf3 Nc6 3. Bb5 a6 4. Ba4 Nf6 5. Bxc6 dxc6
6. d3 Bc5 7. Nbd2 Bd6 ({8:-0.57} 7... Bd6 8. O-O Be6 9. Nb3 Qe7 10. Bg5 O-O-O
11. Qe2 $14) ({8:-0.08} 7... Ng4 8. O-O O-O 9. Nc4 Qf6 10. Bg5 Nxf2 11. Rxf2
Bxf2+ 12. Kxf2 $10) 8. Nc4 Bg4 9. h4 O-O 10. Ne3 Bb4+ 11. Kf1 Bxf3 ({8:+0.14} 
11... Bxf3 12. Qxf3 Qd6 13. Nf5 Qe6 14. Bh6 Ne8 15. Qg4 15... Qf6 $10) ({
8:+0.68} 11... Bc5 12. Ke1 b5 13. Nxg4 Nxg4 14. Rf1 Qd6 15. Bg5 Bb4+ 16. Nd2
$15) 12. Qxf3 Qe8 ({8:-0.35} 12... Qe8 13. Nf5 Qe6 14. Bh6 Ne8 15. Qg4 Qg6 16.
Qxg6 16... hxg6 $14) ({8:-0.07} 12... Qd7 13. Nf5 Ne8 14. c4 Nd6 15. Rh3 Nxf5
16. Qxf5 Qxf5 17. exf5 $10) 13. h5 Qe6 14. Nf5 Ne8 15. g4 h6 16. g5 hxg5 17.
Bxg5 f6 18. Be3 Rd8 19. a3 Ba5 20. Qg4 Kh8 21. Ke2 Qf7 22. Rag1 Qa2 23. Qg6
Qxb2 24. h6 Qxc2+ 25. Kf3 Qxf2+ 26. Kxf2 Be1+ 27. Kxe1 Rxd3 28. hxg7+ Kg8 29.
Nh6# 1-0